Statistiques concernant 10 Plus Grandes Villes par Région de France sur une carte

Cliquez ici pour prendre le quiz!

Statistiques générales

  • Ce quiz a été pris 215 fois
  • Le résultat moyen est 91 sur 180

Réponses sur la Carte

Les réponses sont colorées sur une échelle allant du rouge au vert en fonction du pourcentage des utilisateurs qui les ont devinées à leur premier essai. Vous pouvez retrouver ces pourcentages ci-dessous.
 

Statistiques - réponses

RégionPositionPop.Ville% Correct
Provence-Alpes-Côte d'Azur1er870321Marseille
97%
Nouvelle Aquitaine1er259809Bordeaux
95%
Auvergne-Rhône-Alpes1er522228Lyon
95%
Hauts-de-France1er236234Lille
94%
Provence-Alpes-Côte d'Azur2ème343477Nice
94%
Île-de-France1er2145906Paris
94%
Grand Est1er290576Strasbourg
94%
Occitanie1er498003Toulouse
94%
Bretagne1er222485Rennes
93%
Pays de la Loire1er320732Nantes
92%
Occitanie2ème299096Montpellier
90%
Bretagne2ème139456Brest
89%
Grand Est2ème180318Reims
88%
Auvergne-Rhône-Alpes2ème174082Saint-Étienne
88%
Normandie7ème28331Saint-Étienne-du-Rouvray
88%
Grand Est3ème120211Metz
87%
Provence-Alpes-Côte d'Azur3ème179659Toulon
87%
Corse1er72647Ajaccio
86%
Normandie3ème107250Caen
86%
Bourgogne-Franche-Comté1er159106Dijon
86%
Normandie1er165830Le Havre
86%
La Réunion1er153001Saint-Denis
86%
Île-de-France3ème113116Saint-Denis
86%
Grand Est5ème104403Nancy
85%
Hauts-de-France5ème86545Dunkerque
84%
Auvergne-Rhône-Alpes3ème158240Grenoble
84%
Pays de la Loire5ème55213La Roche-sur-Yon
84%
Occitanie3ème147496Nîmes
84%
Corse2ème48296Bastia
83%
Auvergne-Rhône-Alpes5ème147284Clermont-Ferrand
83%
Occitanie4ème118032Perpignan
83%
Hauts-de-France2ème134167Amiens
82%
Pays de la Loire2ème155876Angers
82%
Hauts-de-France6ème67544Calais
82%
Bretagne3ème63473Quimper
82%
Normandie2ème114187Rouen
82%
Auvergne-Rhône-Alpes8ème64431Valence
82%
Nouvelle Aquitaine4ème77210La Rochelle
81%
Centre-Val de Loire2ème117026Orléans
81%
Centre-Val de Loire1er137850Tours
81%
Auvergne-Rhône-Alpes6ème131766Annecy
80%
Provence-Alpes-Côte d'Azur4ème147122Aix-en-Provence
79%
Provence-Alpes-Côte d'Azur7ème72435Cannes
79%
Pays de la Loire3ème145155Le Mans
79%
Nouvelle Aquitaine2ème130592Limoges
79%
Grand Est4ème108038Mulhouse
79%
Nouvelle Aquitaine5ème75665Pau
79%
Bretagne4ème57412Lorient
78%
Auvergne-Rhône-Alpes4ème154781Villeurbanne
78%
Bretagne6ème46995Saint-Malo
77%
Provence-Alpes-Côte d'Azur5ème90597Avignon
76%
Nouvelle Aquitaine9ème52006Bayonne
76%
Normandie4ème77789Cherbourg-en-Cotentin
76%
Nouvelle Aquitaine3ème90033Poitiers
76%
Grand Est7ème62597Troyes
76%
Bourgogne-Franche-Comté6ème34151Auxerre
75%
Bretagne5ème54017Vannes
75%
Grand Est6ème68294Colmar
73%
Hauts-de-France4ème98066Roubaix
73%
Occitanie9ème46673Carcassonne
72%
Pays de la Loire4ème71887Saint-Nazaire
71%
Bourgogne-Franche-Comté3ème45458Belfort
70%
Bourgogne-Franche-Comté2ème118258Besançon
70%
Auvergne-Rhône-Alpes9ème59172Chambéry
70%
Grand Est8ème46388Charleville-Mézières
70%
Occitanie5ème78683Béziers
67%
Occitanie7ème56123Narbonne
66%
Hauts-de-France8ème56889Beauvais
65%
Nouvelle Aquitaine8ème58966Niort
65%
Hauts-de-France3ème99165Tourcoing
65%
Bretagne7ème44166Saint-Brieuc
64%
Hauts-de-France10ème42738Valenciennes
64%
Centre-Val de Loire7ème38443Chartres
63%
Pays de la Loire7ème49617Laval
63%
Guyane1er65956Cayenne
62%
Occitanie6ème61677Montauban
62%
Occitanie8ème49094Albi
61%
Grand Est9ème44336Châlons-en-Champagne
61%
Centre-Val de Loire5ème43331Châteauroux
61%
Normandie5ème46869Évreux
61%
Île-de-France2ème120911Boulogne-Billancourt
60%
Centre-Val de Loire3ème64362Bourges
60%
Martinique1er75286Fort-de-France
59%
Provence-Alpes-Côte d'Azur6ème74709Antibes
58%
Centre-Val de Loire4ème46660Blois
58%
Bourgogne-Franche-Comté5ème34414Mâcon
57%
Bourgogne-Franche-Comté7ème32284Nevers
57%
Occitanie10ème44576Sète
57%
Île-de-France6ème95782Nanterre
56%
Corse3ème11040Porto-Vecchio
56%
La Réunion2ème104301Saint-Paul
56%
La Réunion3ème83930Saint-Pierre
56%
Nouvelle Aquitaine6ème74009Mérignac
54%
Hauts-de-France9ème53100Saint-Quentin
54%
Île-de-France8ème92566Créteil
53%
Provence-Alpes-Côte d'Azur9ème55750Fréjus
53%
Normandie10ème25744Alençon
52%
Hauts-de-France7ème61258Villeneuve-d'Ascq
52%
Provence-Alpes-Côte d'Azur10ème54615Hyères
51%
Corse9ème5766Calvi
50%
Normandie8ème28091Dieppe
50%
Mayotte1er71437Mamoudzou
50%
Île-de-France5ème108567Argenteuil
49%
Provence-Alpes-Côte d'Azur8ème62232La Seyne-sur-Mer
48%
Île-de-France4ème111367Montreuil
48%
Auvergne-Rhône-Alpes7ème66765Vénissieux
48%
Pays de la Loire6ème54357Cholet
47%
Grand Est10ème41383Thionville
46%
Pays de la Loire9ème46941Les Sables-d'Olonne
45%
Nouvelle Aquitaine7ème65866Pessac
44%
Corse6ème7549Corte
43%
La Réunion4ème80778Le Tampon
43%
Bourgogne-Franche-Comté9ème25726Montbéliard
43%
Bourgogne-Franche-Comté10ème23611Dole
42%
Île-de-France9ème89401Aubervilliers
41%
Bretagne9ème20505Fougères
41%
Bourgogne-Franche-Comté4ème45094Chalon-sur-Saône
40%
Nouvelle Aquitaine10ème45910Brive-la-Gaillarde
39%
Centre-Val de Loire8ème30744Dreux
38%
Guadeloupe1er52948Les Abymes
38%
Bretagne10ème20451Lannion
36%
Bourgogne-Franche-Comté8ème26854Sens
36%
Auvergne-Rhône-Alpes10ème51761Vaulx-en-Velin
36%
Centre-Val de Loire9ème25045Vierzon
36%
Guyane5ème24805Kourou
35%
Île-de-France7ème95649Vitry-sur-Seine
34%
Pays de la Loire10ème42993Rezé
31%
Pays de la Loire8ème49067Saint-Herblain
31%
Corse4ème9254Borgo
30%
Centre-Val de Loire6ème38750Joué-lès-Tours
30%
Guyane2ème49173Saint-Laurent-du-Maroni
30%
Île-de-France10ème88004Asnières-sur-Seine
28%
Normandie9ème26034Le Grand-Quevilly
26%
Bretagne8ème22940Lanester
24%
La Réunion6ème53744Saint-Louis
24%
La Réunion5ème56857Saint-André
23%
Normandie6ème29071Sotteville-lès-Rouen
19%
Centre-Val de Loire10ème22503Olivet
18%
La Réunion8ème36994Saint-Benoît
18%
La Réunion10ème34350Sainte-Marie
18%
Martinique8ème14843Sainte-Marie
18%
Corse8ème5772Furiani
17%
Martinique2ème39628Le Lamentin
17%
Corse5ème7732Biguglia
15%
Mayotte3ème17831Dzaoudzi
13%
Martinique6ème16137Saint-Joseph
12%
La Réunion7ème38465Saint-Joseph
12%
Guyane8ème9768Maripasoula
11%
La Réunion9ème34740Saint-Leu
11%
Mayotte2ème32156Koungou
10%
Martinique3ème21627Le Robert
10%
Martinique4ème19467Schœlcher
10%
Guadeloupe4ème24430Sainte-Anne
9%
Guadeloupe2ème30316Baie-Mahault
8%
Martinique9ème11860La Trinité
8%
Guadeloupe3ème26919Le Gosier
6%
Corse7ème6036Lucciana
5%
Martinique10ème11780Rivière-Salée
5%
Guadeloupe7ème17840Sainte-Rose
5%
Martinique5ème17504Ducos
4%
Martinique7ème16082Le François
4%
Guyane3ème34474Matoury
4%
Guadeloupe5ème24412Petit-Bourg
4%
Guyane4ème25793Remire-Montjoly
4%
Corse10ème4250Bastelicaccia
3%
Guadeloupe8ème17774Lamentin
3%
Guadeloupe6ème22230Le Moule
3%
Guyane9ème9582Apatou
2%
Mayotte5ème13989Bandraboua
2%
Mayotte9ème10282Bandrele
2%
Guadeloupe9ème17628Capesterre-Belle-Eau
2%
Mayotte4ème15848Dembeni
2%
Guyane10ème8859Grand-Santi
2%
Guyane7ème11605Mana
2%
Guadeloupe10ème16223Morne-à-l'Eau
2%
Mayotte10ème10203Ouangani
2%
Mayotte7ème11442Pamandzi
2%
Mayotte8ème11156Sada
2%
Guyane6ème19087Macouria
1%
Mayotte6ème13934Tsingoni
1%

Distribution des résultats

Percentile par nombre de réponses

% des personnes avec chaque résultat

Votre développement - résultats

Vous n’avez pas pris ce quiz